La formation culture des cadres et des dirigeants
Sparad:
| Huvudupphovsman: | |
|---|---|
| Materialtyp: | Bok |
| Språk: | Undetermined |
| Publicerad: |
Paris
Marabout Service
1965
|
| Ämnen: | |
| Taggar: |
Lägg till en tagg
Inga taggar, Lägg till första taggen!
|
| Thư viện lưu trữ: | Trung tâm Học liệu Trường Đại học Cần Thơ |
|---|
| LEADER | 00511nam a2200181Ia 4500 | ||
|---|---|---|---|
| 001 | CTU_87005 | ||
| 008 | 210402s9999 xx 000 0 und d | ||
| 082 | |a 509 | ||
| 082 | |b B311 | ||
| 100 | |a Basile, Joseph | ||
| 245 | 0 | |a La formation culture des cadres et des dirigeants | |
| 245 | 0 | |c Joseph Basile | |
| 260 | |a Paris | ||
| 260 | |b Marabout Service | ||
| 260 | |c 1965 | ||
| 650 | |a Executive ability,Technology and civilization | ||
| 904 | |i Truc | ||
| 980 | |a Trung tâm Học liệu Trường Đại học Cần Thơ | ||